<?xml version="1.0" encoding="UTF-8"?>
<record
    xmlns:xsi="http://www.w3.org/2001/XMLSchema-instance"
    xsi:schemaLocation="http://www.loc.gov/MARC21/slim http://www.loc.gov/standards/marcxml/schema/MARC21slim.xsd"
    xmlns="http://www.loc.gov/MARC21/slim">

  <leader>01410nam a22001577a 4500</leader>
  <datafield tag="082" ind1=" " ind2=" ">
    <subfield code="a">621</subfield>
  </datafield>
  <datafield tag="100" ind1=" " ind2=" ">
    <subfield code="a">Tanveer, Abdullah </subfield>
    <subfield code="9">122758</subfield>
  </datafield>
  <datafield tag="245" ind1=" " ind2=" ">
    <subfield code="a">Energy Harvesting by Bio-Inspired Inverted C- Cylinders /</subfield>
    <subfield code="c">Abdullah Tanveer</subfield>
  </datafield>
  <datafield tag="264" ind1=" " ind2=" ">
    <subfield code="a">Islamabad : </subfield>
    <subfield code="b">SMME- NUST; </subfield>
    <subfield code="c">2022.</subfield>
  </datafield>
  <datafield tag="300" ind1=" " ind2=" ">
    <subfield code="a">51p.</subfield>
    <subfield code="b">Soft Copy</subfield>
    <subfield code="c">30cm</subfield>
  </datafield>
  <datafield tag="500" ind1=" " ind2=" ">
    <subfield code="a">In a uniform flow, the interaction of piezoelectric flag with bio inspired C shaped bluff bodies was examined. Based on vortex-induced vibration, the piezoelectric eel converts the kinetic energy of flowing water into electrical energy. The flapping behavior of a piezoelectric flag in the wake of a bluff body was studied in terms of stream wise gap between piezoelectric flag and bluff body. The experiments were carried out by placing a conventional piezoelectric flag in the wake of a bluff body in a low-speed water tunnel and varying the stream wise gap (Gx) behind a bio inspired inverted C shaped cylinder to see how the vortices produced by the bluff body affected the flapping amplitude, frequency, and voltage generated by the piezoelectric flags. The effect of different bluff bodies and varying streamwise gap on energy harvesting was observed and optimal results were obtained.</subfield>
  </datafield>
  <datafield tag="650" ind1=" " ind2=" ">
    <subfield code="a">MS Mechanical Engineering      </subfield>
    <subfield code="9">119495</subfield>
  </datafield>
  <datafield tag="700" ind1=" " ind2=" ">
    <subfield code="a">Supervisor : Dr. Emad Uddin</subfield>
    <subfield code="9">119529</subfield>
  </datafield>
  <datafield tag="856" ind1=" " ind2=" ">
    <subfield code="u">http://10.250.8.41:8080/xmlui/handle/123456789/29536</subfield>
  </datafield>
  <datafield tag="942" ind1=" " ind2=" ">
    <subfield code="2">ddc</subfield>
    <subfield code="c">THE</subfield>
  </datafield>
  <datafield tag="999" ind1=" " ind2=" ">
    <subfield code="c">609204</subfield>
    <subfield code="d">609204</subfield>
  </datafield>
  <datafield tag="952" ind1=" " ind2=" ">
    <subfield code="0">0</subfield>
    <subfield code="1">0</subfield>
    <subfield code="4">0</subfield>
    <subfield code="7">0</subfield>
    <subfield code="a">SMME</subfield>
    <subfield code="b">SMME</subfield>
    <subfield code="c">EB</subfield>
    <subfield code="d">2024-05-21</subfield>
    <subfield code="l">0</subfield>
    <subfield code="o">621</subfield>
    <subfield code="p">SMME-TH-703</subfield>
    <subfield code="r">2024-05-21</subfield>
    <subfield code="w">2024-05-21</subfield>
    <subfield code="y">THE</subfield>
  </datafield>
</record>
